Olvidar a Foucault
Na minha lista:
| Autor principal: | |
|---|---|
| Formato: | Livro |
| Idioma: | espanhol |
| Publicado em: |
Valencia
Pre-Textos
1999
|
| coleção: | Ensayo, 14
|
| Assuntos: | |
| Tags: |
Adicionar Tag
Sem tags, seja o primeiro a adicionar uma tag!
|
MARC
| LEADER | 00000cam a2200000 a 4500 | ||
|---|---|---|---|
| 001 | UCF9024 | ||
| 003 | CL-VaPUC | ||
| 008 | 131018e19990000sp |||||||||||||||||spa|d | ||
| 020 | |a 8485081153 | ||
| 082 | 0 | 4 | |a 194 |b BAU |2 21 |
| 100 | 0 | |a Baudrillard, Jean |e author |9 492950 | |
| 245 | 1 | 0 | |a Olvidar a Foucault |
| 300 | |a 95 p | ||
| 942 | |c BK | ||
| 945 | |d 20131018 14:00:00 |a dcastane | ||
| 260 | |a Valencia |b Pre-Textos |c 1999 | ||
| 600 | 0 | |a Foucault, Michel |9 257945 | |
| 650 | 0 | |a Filosofía francesa |9 255698 | |
| 650 | 0 | |a Filósofos franceses |9 314621 | |
| 583 | |a last modification |c 20131018 14:00:00 |k Rodrigo Vera | ||
| 490 | 0 | |a Ensayo, 14 | |
| 999 | |c 353509 |d 353507 | ||
| 952 | |0 0 |1 0 |3 erb |4 0 |6 194_000000000000000_BAU_1999 |7 0 |8 A |9 458823 |a BIBEDU |b BIBEDU |d 2019-11-23 |i 5019060 |l 1 |o 194 BAU 1999 |p 5019060 |r 2023-07-10 |s 2023-07-10 |w 2019-11-23 |y BK |z Catalogado en:20131018 |k PSI | ||